000 00734nam a2200241 i 4500
001 6913
003 ES-MaACL
005 20230906145124.0
007 t|
008 900712s1986 sp ||||1| spa d
020 _a84-345-8391-7
080 _a55.07:301
080 _a301:55.07
100 1 _aDubos, Rene.
_9177734
245 1 3 _aUn Dios interior
_b: el hombre del futuro como parte de un mundo natural /
_cRene Dubos.
260 _aBarcelona :
_bSalvat,
_c1986.
300 _aIX, 251 p. ;
_c19 cm.
490 1 _aBiblioteca científica Salvat ;
_v26
650 _aEcología humana.
_912002
830 0 _aBiblioteca científica Salvat ;
_v26
_9177703
852 _aES-MaACL
_jL-14115
_bR.117704
_z. - rust.
999 _c6913
_d6913